| 000 | 00550 a2200169 4500 | ||
|---|---|---|---|
| 003 | Nust | ||
| 005 | 20221124111219.0 | ||
| 040 | _cNust | ||
| 082 | _a621.38132,CIR | ||
| 100 |
_aAlxender Schure _9103473 |
||
| 245 |
_aD-C Circuit analysis / _cAlxender Schure |
||
| 260 |
_aNew York _bJohn F. Rider _c1958 |
||
| 300 | _a72 pages | ||
| 505 | _aBasic Concepts (Page-1), Resistance Factors (Page-12), Simple D-C Circuits Analysis (Page-20), Analysis of Combination D-C Circuits (Page-46), | ||
| 650 | _aTelecommunication Engineering | ||
| 942 |
_2ddc _cBK |
||
| 999 |
_c194124 _d194124 |
||